|
|
|
|
| LEADER |
00931nam a2200229 a 4500 |
| 001 |
4079178 |
| 008 |
091011s1972 caua bs 001 0 eng d |
| 010 |
|
|
|a 72080403
|
| 020 |
|
|
|a 0534001750
|
| 040 |
|
|
|a DLC
|c DLC
|d DLC
|
| 082 |
0 |
0 |
|a 339
|2 18
|
| 100 |
1 |
|
|a Merklein, Helmut.
|
| 245 |
0 |
0 |
|a Macroeconomics /
|c Helmut Merklein,
|
| 260 |
|
|
|a Belmont, Calif.,
|b Wadsworth Pub. Co.
|c [1972]
|
| 300 |
|
|
|a viii, 280 p.
|b illus.
|c 25 cm.
|
| 500 |
|
|
|a "Major figures and tables: a supplement to macroeconomics" [by] Helmut Merklein (31 p.) inserted in pocket.
|
| 504 |
|
|
|a Includes bibliographical references.
|
| 541 |
1 |
|
|e 00001834
|
| 650 |
|
0 |
|a Macroeconomics.
|
| 852 |
4 |
|
|a Ayesha Abed Library
|j General Shelf
|
| 999 |
|
|
|c 4510
|d 4510
|
| 952 |
|
|
|0 0
|1 0
|2 ddc
|4 0
|6 339_MER_197200000000000
|7 0
|9 4234
|a BRACUL
|b BRACUL
|c GEN
|d 2009-10-12
|g 0.00
|l 3
|m 10
|o 339 MER
|p 3010001834
|r 2015-03-18
|s 2015-03-13
|t 1
|w 2009-10-12
|y BK
|x No price found in the accession register.
|